000 00522nam a2200169Ia 4500
999 _c20181
_d20181
003 OSt
005 20200602111133.0
008 190216s9999||||xx |||||||||||||| ||und||
020 _a0803995938
040 _coclc
082 _a333.315483
_bRAD/P
100 _aRadhakrishnan, P
_92476
245 0 _aPeasant Struggles,Land Reforms And Social Change /
_cP Radhakrishnan
260 _bSage Publications,
_c1989.
_aNew Delhi:
300 _a289p
942 _cBK
_2ddc
_h333.315483
_iRAD/P
_k333.315483
_mRAD/P